Регионална библиотека "Любен Каравелов" - Русе

Атически нощи (Запис номер 105928)

MARC детайли
000 -Лидер
Контролно поле с фиксирана дължина 01248nam a2200313 c 4500
003 - Код на организацията, давaща контролен номер
Контролно поле BLK
005 - Дата и час на последна редакция
Контролно поле 20180422105706.0
008 - Елементи от данни с фиксирана дължина
fixed length control field 180409b bul|||||r ||||||| ||bul||
010 ## - Наследен системен номер
LC control number KNG00111180000
020 ## - Международен стандартен номер на книга ISBN
Международен стандартен номер на книга ISBN 954-8945-26-6
-- издат.: Изток-Запад
040 ## - Източник на каталожния запис
Идентификатор на билиотеката - собственик на записа BLK
041 ## - Код за език
Код за езика на текст/звукозапис или на отделно заглавие Български
Код за езика КДБФ Български
080 ## - УДК
Текстов определител УДК Латинска (римска) литература
УДК код - определител по УДК 821.124
УДК определител -4
УДК - код + определител 821.124-4
100 1# - Редна дума - Автор
Автор Гелий, Авъл
Авторска отговорност първи автор
R(LIN) 310440
139 ## - Редно поле
Редна дума Гелий, Авъл
Авторски знак Гед - Г 28
245 10 - Сведения за заглавието
Заглавие Атически нощи
Редно поле (дума) Авъл Гелий; прев. от лат. Владимир Атанасов.
250 ## - Област на изданието
Сведения за изданието 2. прераб. изд.
257 ## - Страна на издаване
Страна на създаване/издаване България
260 ## - Област на издателските данни
-- София
Име на издателя, разпространителя и проч. Изток-Запад
Година на издаване 2003
300 ## - Физическа характеристика
Страници 346 с.
Размери/Мащаб 20 см
380 ## - Жанр
Жанр Философия
500 ## - Общи забележки
Забележка Ориг. загл. Noctes Atticae. - 1. изд. 1985 на изд. Наука и изкуство. - Офс. изд. - Азб. показалец - коментар на имената и реалиите.
700 1# - Други автори (авторска отговорност)
Лично име Атанасов, Владимир
Автороска отговорност (Описва отношението между автора и произведението) прев. от лат.
9 (RLIN) 366818
852 ## - Местоположение
Форматна сигнатура Цб 218163
856 4# - Електронен адрес и достъп
Електронен формат pdf - файл
Път до файла /url/
856 4# - Електронен адрес и достъп
Електронен формат pdf - файл
Път до файла /url/
942 ## - АРТИКУЛИ
Вид на библиотечния материал Книги
Скрит в OPAC Не
944 ## - СЪЗДАВАНЕ И РЕДАКЦИЯ на ЗАПИСА
Създаване/Редакция Създаване
Дата на регистрацията/редакция 19.02.2004
Служител, извършил регистрацията/редакцията Людмила_Стоянова
944 ## - СЪЗДАВАНЕ И РЕДАКЦИЯ на ЗАПИСА
Създаване/Редакция Редакция
Дата на регистрацията/редакция 16.03.2004
Служител, извършил регистрацията/редакцията
999 ## - СИСТЕМНИ КОНТРОЛНИ НОМЕРА
Koha biblionumber 105928
Koha biblioitemnumber 105928
Наличности
Код за отписване Код за изгубен артикул Код за повреда Коз за рестрикции Код за отдаване Артикулен № Име на библиотеката - собственик Име на библиотеката, в която се намира в момента Статус (Текущо местоположение) Дата на вписване в системата Местоположение - отдел Цена в лева Инвентарен номер Систематично азбучна сигнатура Баркод Номер на екземпляра Цена в евро Служебна бележка Служебен тип на артикула
  Не е изгубен Не е повреден без рестрикции ползва се в читалня 170931 Регионална библиотека "Любен Каравелов" Русе Регионална библиотека "Любен Каравелов" Русе Хранилище 2004-02-19 Хранилище 10.00 120000682844 Цб 218163 120000682844 1 5.11 Дост: Dp Вид: Д N: 13 Дата: 12.03.2003 Книги
Vip Innovations Ltd, Rousse, Bulgaria 2025